Applied fibre science /

Bibliographic Details
Other Authors: Happey, F.
Format: Book
Language:English
Published: London ; New York : Academic Press, 1978-
Subjects:

MARC

Tag First Indicator Second Indicator Subfields
LEADER 00000cam a2200000 i 4500
001 in00000064825
005 20151008050716.0
008 790116m19789999enka b 00100 eng
010 |a  77075367  
015 |a GB*** 
020 |a 0123237017 (v. 1) 
035 |a (OCoLC)04642387 
035 |9 AAG2803AM 
040 |a DLC  |c DLC  |d TXA  |d UtOrBLW 
049 |a TXAM  |v 1 [930481]  |v 2 [1114588]  |v 3 [1115130] 
050 0 0 |a TS1540  |b .A65 
082 0 |a 677/.0283 
245 0 0 |a Applied fibre science /  |c edited by F. Happey. 
264 1 |a London ;  |a New York :  |b Academic Press,  |c 1978- 
300 |a volumes :  |b illustrations ;  |c 24 cm. 
336 |a text  |b txt  |2 rdacontent 
337 |a unmediated  |b n  |2 rdamedia 
338 |a volume  |b nc  |2 rdacarrier 
504 |a Includes bibliographies and index. 
650 0 |a Textile fibers. 
700 1 |a Happey, F. 
999 |a MARS 
999 f f |s 33091ac6-1acc-33ea-93b1-ceb9aa69bf1f  |i 56031309-e73b-31c8-a626-35c6d951889a  |t 0 
952 f f |p ric  |a Texas A&M University  |b Rellis Campus  |c Joint Library Facility  |d Remote Storage  |t 0  |e TS1540 .A65  |h Library of Congress classification  |i unmediated -- volume  |k v.2  |m A14805652671 
952 f f |p ric  |a Texas A&M University  |b Rellis Campus  |c Joint Library Facility  |d Remote Storage  |t 0  |e TS1540 .A65  |h Library of Congress classification  |i unmediated -- volume  |k v.3  |m A14805652689 
952 f f |p ric  |a Texas A&M University  |b Rellis Campus  |c Joint Library Facility  |d Remote Storage  |t 0  |e TS1540 .A65  |h Library of Congress classification  |i unmediated -- volume  |k v.1  |m A14805652663 
998 f f |a TS1540 .A65  |s v.1-v.3  |t 0  |l Remote Storage